The Blackwell guide to medical ethics /

Bibliographic Details
Other Authors: Rhodes, Rosamond, Francis, Leslie, 1946-, Silvers, Anita
Format: Book
Language:English
Published: Malden, Mass. : Blackwell Pub., 2007.
Series:Blackwell philosophy guides ; 21.
Subjects:

MARC

Tag First Indicator Second Indicator Subfields
LEADER 00000cam a22000004a 4500
001 in00004505921
005 20210818135417.0
008 060822s2007 maua b 001 0 eng
010 |a  2006027510 
015 |a GBA672468  |2 bnb 
016 7 |a 101285594  |2 DNLM 
016 7 |a 013537376  |2 Uk 
019 |a 71164798 
020 |a 9781405125833 (hardback : alk. paper) 
020 |a 1405125837 (hardback : alk. paper) 
020 |a 9781405125840 (pbk. : alk. paper) 
020 |a 1405125845 (pbk. : alk. paper) 
029 1 |a NLM  |b 101285594 
035 |a (OCoLC)ocm71139431 
035 |a (OCoLC)71139431  |z (OCoLC)71164798 
035 |z (UtOrBLW)43083 
035 |a 61081 
040 |a DNLM/DLC  |c DLC  |d NLM  |d BAKER  |d UKM  |d C#P  |d YDXCP  |d YDX  |d COO  |d VP@  |d BTCTA  |d TMV  |d UtOrBLW 
042 |a pcc 
049 |a TMVM  |c 1 
050 0 0 |a R724  |b .B515 2007 
060 0 0 |a 2007 B-740 
060 1 0 |a W 50  |b B632 2007 
082 0 0 |a 174.2  |2 22 
245 0 4 |a The Blackwell guide to medical ethics /  |c edited by Rosamond Rhodes, Leslie P. Francis, and Anita Silvers. 
246 3 0 |a Guide to medical ethics 
246 3 0 |a Medical ethics 
264 1 |a Malden, Mass. :  |b Blackwell Pub.,  |c 2007. 
300 |a xii, 435 pages :  |b illustrations ;  |c 25 cm. 
336 |a text  |2 rdacontent  |b txt 
337 |a unmediated  |2 rdamedia 
338 |a volume  |2 rdacarrier  |b nc 
490 1 |a Blackwell philosophy guides ;  |v 21 
504 |a Includes bibliographical references and index. 
505 0 |a Autonomy, the good life, and controversial choices -- Individual responsibility and reproduction -- Patient and family decisions about life-extension and death -- The professional responsibilities of medicine -- Truth telling -- Medical confidentiality -- Patient competence and surrogate decision making -- Ending life -- Discrimination in medical practice : justice and the obligations of health care providers to disadvantaged patients -- Institutional practices, ethics, and the physician -- Reproductive choice -- Public policy and ending lives -- Drug legalization -- Selling organs, gametes, and surrogacy services -- The patient as victim and vector : the challenge of infectious disease for bioethics -- Abuses of science in medical ethics -- Allocation of scarce resources -- Just caring : the challenges of priority-setting in public health -- Justice and the financing of health care -- Judgment and justice : evaluating health care for chronically ill and disabled patients -- Justice in research on human subjects -- Ethics of disclosure following a medical injury : time for reform? -- Pre-existing conditions : genetic testing, causation and the justice of medical insurance. 
650 0 |a Medical ethics. 
650 2 |a Ethics, Medical. 
650 2 |a Bioethical Issues  |x legislation & jurisprudence. 
650 2 |a Patient Rights  |x ethics. 
650 2 |a Public Policy. 
700 1 |a Rhodes, Rosamond. 
700 1 |a Francis, Leslie,  |d 1946- 
700 1 |a Silvers, Anita. 
830 0 |a Blackwell philosophy guides ;  |v 21. 
999 |a MARS 
999 f f |s ac2c7678-3d0a-38a9-a24b-75f8c045826c  |i 1f68e1e7-5aed-39fa-9491-d5ca6666445f  |t 0 
952 f f |p ric  |a Texas A&M University  |b Rellis Campus  |c Joint Library Facility  |d Remote Storage  |t 0  |e W 50 B632 2007  |h National Library of Medicine classification  |i unmediated -- volume  |m 323890194279E 
998 f f |a W 50 B632 2007  |t 0  |l Remote Storage